| 000 | 00921nam a2200325 a 4500 | ||
|---|---|---|---|
| 003 | AR-BaBNM | ||
| 005 | 20251128204913.0 | ||
| 008 | 082120s2002 ||||||||||||||000 | spa|| | ||
| 020 | _a84-277-0826-2 | ||
| 040 | _cAR-BaBNM | ||
| 100 | 1 | _aRosales López, Carlos | |
| 245 | 0 | 0 |
_aDidáctica _bnúcleos fundamentales |
| 260 |
_aMadrid _bNarcea _c1988 |
||
| 300 | _a240 p. | ||
| 490 | 0 | _aEducación hoy. Estudios | |
| 500 | _aIndice de autores: p. 232-234 | ||
| 500 | _aIndice temático: p. 235-240 | ||
| 504 | _aLa bibliografía se encuentra al final de cada capítulo | ||
| 650 | 4 | _aDIDACTICA | |
| 650 | 4 | _aHISTORIA | |
| 650 | 4 | _aEPISTEMOLOGIA | |
| 650 | 4 | _aPLANIFICACION DEL PLAN DE ESTUDIOS | |
| 650 | 4 | _aCONTENIDO DEL PROGRAMA | |
| 650 | 4 | _aROL DEL DOCENTE | |
| 650 | 4 | _aEVALUACION DEL PLAN DE ESTUDIOS | |
| 650 | 4 | _aEVALUACION DEL DOCENTE | |
| 651 | 4 | _aEspaña | |
| 942 | _cBK | ||
| 998 | _csilvi | ||
| 999 |
_c9273 _d9273 |
||